[Event "Oberliga Ost B"]
[Site "?"]
[Date "2022.11.26"]
[Round "4.4"]
[White "Dittrich, Tom"]
[Black "Klundt, Klaus"]
[Result "0-1"]
[WhiteElo "1948"]
[BlackElo "2273"]
[PlyCount "74"]
[EventDate "2022.09.18"]
[EventType "team-tourn"]
[EventCountry "GER"]
[WhiteTeam "Stadtilm SG BW"]
[BlackTeam "Heusenstamm SC"]
[WhiteTeamCountry "GER"]
[BlackTeamCountry "GER"]

1. e4 c5 2. Nf3 e6 3. d4 cxd4 4. Nxd4 Nc6 5. Nc3 Qc7 6. Be3 a6 7. Qf3 Nf6 8. g4 Ne5 9. Qg3 Bb4 10. Bf4 d6 11. Bg2 Bd7 12. O-O h5 13. g5 h4 14. Qe3 Nh5 15. Bxe5 dxe5 16. Nde2 Nf4 17. Nxf4 exf4 18. Qd4 Bxc3 19. bxc3 e5 20. Qd5 Be6 21. Qd2 Rd8 22. Qe2 h3 23. Bf3 Bc4 24. Qe1 Qe7 25. Kh1 Bxf1 26. Qxf1 Qxg5 27. Qc4 O-O 28. Rg1 Qe7 29. Qf1 Rd2 30. Qxh3 Rfd8 31. Bg4 g6 32. Bh5 R8d6 33. c4 Rxf2 34. Qf5 Kh7 35. Qg4 Qf6 36. Qh3 Kg7 37. Bf3 Rdd2 0-1

[Event "Oberliga Ost B"]
[Site "?"]
[Date "2022.11.26"]
[Round "4.5"]
[White "Roeschlau, Bernd"]
[Black "Siebarth, Marco"]
[Result "1-0"]
[WhiteElo "2214"]
[BlackElo "2088"]
[PlyCount "79"]
[EventDate "2022.09.18"]
[EventType "team-tourn"]
[EventCountry "GER"]
[WhiteTeam "Heusenstamm SC"]
[BlackTeam "Stadtilm SG BW"]
[WhiteTeamCountry "GER"]
[BlackTeamCountry "GER"]

1. d4 d5 2. c4 c6 3. Nf3 Nf6 4. g3 e6 5. Bg2 Be7 6. Qc2 dxc4 7. Qxc4 Nbd7 8. O-O O-O 9. Rd1 Ne4 10. Qc2 Nd6 11. Nbd2 Qb6 12. Nb3 a5 13. a4 Rd8 14. Be3 Nf5 15. Bf4 Nf8 16. e4 Nd6 17. Nc5 Ng6 18. Be3 Qc7 19. h4 b6 20. Nb3 Ba6 21. h5 Nf8 22. Ne5 Rac8 23. Rac1 Bb7 24. Qe2 Qb8 25. Qg4 Ne8 26. Qf3 f6 27. Nc4 Ba6 28. Bf4 Qb7 29. e5 Bxc4 30. Rxc4 Qa6 31. Rxc6 Rxc6 32. Qxc6 Qe2 33. Bf3 Qxb2 34. Qxb6 Qc3 35. Kg2 fxe5 36. Bxe5 Rc8 37. Rc1 Qxb3 38. Qxb3 Rxc1 39. d5 Re1 40. Bc3 1-0

[Event "Oberliga Ost B"]
[Site "?"]
[Date "2022.11.26"]
[Round "4.6"]
[White "Mehlhorn, Uwe"]
[Black "Flach, Erich"]
[Result "0-1"]
[WhiteElo "2036"]
[BlackElo "2064"]
[PlyCount "86"]
[EventDate "2022.09.18"]
[EventType "team-tourn"]
[EventCountry "GER"]
[WhiteTeam "Stadtilm SG BW"]
[BlackTeam "Heusenstamm SC"]
[WhiteTeamCountry "GER"]
[BlackTeamCountry "GER"]

1. Nc3 c5 2. e4 g6 3. Nge2 Bg7 4. g3 Nc6 5. Bg2 e6 6. d3 Nge7 7. h4 h5 8. O-O d6 9. Bg5 Rb8 10. a4 a6 11. Qd2 Qc7 12. Rae1 b5 13. axb5 axb5 14. Nd1 Ra8 15. c3 Ra2 16. d4 Na5 17. Nc1 Ra1 18. dxc5 dxc5 19. Qc2 O-O 20. Nb3 Nxb3 21. Qxb3 Ba6 22. Bh3 Nc6 23. Ne3 c4 24. Qc2 Rxe1 25. Rxe1 Ne5 26. Ra1 Qb6 27. Be7 Re8 28. Ba3 Nd3 29. Bf1 Rd8 30. Rd1 Bh6 31. Qe2 Bb7 32. Bg2 Qc7 33. Nc2 Rd7 34. Nd4 Qb6 35. Nc2 Qd8 36. Kf1 Nc1 37. Rxd7 Qxd7 38. Qf3 Qd2 39. Nd4 Nd3 40. Kg1 Nxf2 41. Qf6 Qe1+ 42. Bf1 Ng4 43. Qd8+ Kh7 0-1

[Event "Oberliga Ost B"]
[Site "?"]
[Date "2022.11.26"]
[Round "4.7"]
[White "Vechorkin, Oleksii"]
[Black "Neubauer, Andreas"]
[Result "0-1"]
[WhiteElo "2037"]
[BlackElo "2157"]
[PlyCount "74"]
[EventDate "2022.09.18"]
[EventType "team-tourn"]
[EventCountry "GER"]
[WhiteTeam "Heusenstamm SC"]
[BlackTeam "Stadtilm SG BW"]
[WhiteTeamCountry "GER"]
[BlackTeamCountry "GER"]

1. d4 Nf6 2. Nf3 g6 3. Bg5 Bg7 4. Nbd2 d5 5. c3 Nbd7 6. e3 O-O 7. Bd3 c5 8. a4 b6 9. O-O Bb7 10. Re1 Ne4 11. Bf4 f6 12. Nxe4 dxe4 13. Bc4+ Kh8 14. Nd2 h6 15. h4 f5 16. Be6 Nf6 17. Nc4 cxd4 18. Ne5 Qe8 19. exd4 Rd8 20. Qd2 Kh7 21. c4 Nh5 22. Red1 Rf6 23. Bd7 Rxd7 24. Nxd7 Qxd7 25. Be5 Rc6 26. Bxg7 Nxg7 27. Rac1 Rd6 28. b4 e5 29. d5 Nh5 30. a5 Nf4 31. a6 Bxa6 32. Qa2 Bb7 33. c5 Rxd5 34. c6 Bxc6 35. Rxc6 Rxd1+ 36. Kh2 Nd5 37. Qc2 Nxb4 0-1

[Event "Oberliga Ost B"]
[Site "?"]
[Date "2022.11.26"]
[Round "4.8"]
[White "Schmidt, Daniel"]
[Black "Benninger, Rudolf"]
[Result "1-0"]
[WhiteElo "1901"]
[BlackElo "1978"]
[PlyCount "59"]
[EventDate "2022.09.18"]
[EventType "team-tourn"]
[EventCountry "GER"]
[WhiteTeam "Stadtilm SG BW"]
[BlackTeam "Heusenstamm SC"]
[WhiteTeamCountry "GER"]
[BlackTeamCountry "GER"]

1. c4 g6 2. Nc3 Bg7 3. g3 c5 4. Bg2 Nc6 5. Nf3 e6 6. O-O Nge7 7. d3 O-O 8. Bd2 d5 9. cxd5 exd5 10. e4 d4 11. Ne2 f5 12. Ng5 Bf6 13. exf5 Nxf5 14. Ne4 Be7 15. Rc1 Qb6 16. Qb3+ Qxb3 17. axb3 Nb4 18. Nxc5 Bxc5 19. Rxc5 Nxd3 20. Bd5+ Kh8 21. Rc7 Rd8 22. Be4 Ne5 23. Bg5 Rd6 24. Bf4 Re6 25. Bxf5 gxf5 26. Nxd4 Re8 27. Re1 Nf3+ 28. Nxf3 Rxe1+ 29. Nxe1 Be6 30. Rxb7 1-0

[Event "Oberliga Ost B"]
[Site "?"]
[Date "2022.11.26"]
[Round "4.1"]
[White "Baum, Bernd"]
[Black "Philipp, Mathias"]
[Result "1/2-1/2"]
[WhiteElo "2287"]
[BlackElo "2172"]
[PlyCount "51"]
[EventDate "2022.09.18"]
[EventType "team-tourn"]
[EventCountry "GER"]
[WhiteTeam "Marburg SK"]
[BlackTeam "Weimar SV Vimaria"]
[WhiteTeamCountry "GER"]
[BlackTeamCountry "GER"]

1. c4 e5 2. g3 Nf6 3. Bg2 d5 4. cxd5 Nxd5 5. Nf3 Nc6 6. O-O Be7 7. d4 exd4 8. Nxd4 Nxd4 9. Qxd4 Nf6 10. Qa4+ Qd7 11. Qb3 c6 12. Nc3 O-O 13. e4 Qc7 14. Bf4 Bd6 15. Bxd6 Qxd6 16. Rad1 Qc7 17. Rd2 Be6 18. Qc2 Qa5 19. b3 Rfd8 20. Rfd1 Kf8 21. Na4 Rxd2 22. Rxd2 Re8 23. f3 b6 24. Rd1 Rc8 25. Qd2 Qxd2 26. Rxd2 1/2-1/2

[Event "Oberliga Ost B"]
[Site "?"]
[Date "2022.11.26"]
[Round "4.2"]
[White "Aepfler, Christian"]
[Black "Dorst, Johannes"]
[Result "0-1"]
[WhiteElo "2183"]
[BlackElo "2220"]
[PlyCount "102"]
[EventDate "2022.09.18"]
[EventType "team-tourn"]
[EventCountry "GER"]
[WhiteTeam "Weimar SV Vimaria"]
[BlackTeam "Marburg SK"]
[WhiteTeamCountry "GER"]
[BlackTeamCountry "GER"]

1. e4 c5 2. c3 Nf6 3. e5 Nd5 4. Nf3 Nc6 5. d4 cxd4 6. cxd4 d6 7. Bc4 Nb6 8. Bb5 dxe5 9. Nxe5 Bd7 10. Nxd7 Qxd7 11. O-O e6 12. Nc3 Be7 13. Bxc6 Qxc6 14. Qg4 O-O 15. Bh6 Bf6 16. Rfd1 Qd7 17. Ne4 Qe7 18. Bf4 Rfd8 19. Nxf6+ Qxf6 20. Be5 Qg6 21. Qe2 Rac8 22. Rac1 Qg5 23. Bc7 Re8 24. f4 Qd5 25. b3 Nd7 26. g3 Nf6 27. Rc5 Qd7 28. Ba5 b6 29. Rxc8 Rxc8 30. Be1 Qd5 31. Qg2 Ne4 32. Qe2 h6 33. Qd3 f5 34. Bd2 Kh7 35. Rc1 Rxc1+ 36. Bxc1 Qa5 37. Qe2 Qc3 38. Bb2 Qa5 39. a3 Kg6 40. g4 Qd5 41. gxf5+ exf5 42. Qc2 Qd6 43. Qc1 Kh7 44. Kf1 Qg6 45. Qd1 Qd6 46. Qc1 Qf6 47. Qe1 Qc6 48. Qe2 Qc7 49. d5 Qxf4+ 50. Ke1 Qd6 51. Qg2 g5 0-1

[Event "Oberliga Ost B"]
[Site "?"]
[Date "2022.11.26"]
[Round "4.3"]
[White "Henrich, Thomas"]
[Black "Mysliwiec, Joerg"]
[Result "1-0"]
[WhiteElo "2119"]
[BlackElo "2101"]
[PlyCount "45"]
[EventDate "2022.09.18"]
[EventType "team-tourn"]
[EventCountry "GER"]
[WhiteTeam "Marburg SK"]
[BlackTeam "Weimar SV Vimaria"]
[WhiteTeamCountry "GER"]
[BlackTeamCountry "GER"]

1. d4 Nf6 2. c4 e6 3. Nf3 Bb4+ 4. Bd2 a5 5. Nc3 O-O 6. e3 d5 7. Qc2 b6 8. cxd5 exd5 9. Bd3 Re8 10. O-O c5 11. dxc5 bxc5 12. a3 Bxc3 13. Bxc3 Ne4 14. Bxe4 dxe4 15. Rfd1 Qc7 16. Ne5 Ra6 17. Nc4 Bg4 18. Rd5 f6 19. Qd2 a4 20. Nd6 Re7 21. Nb5 Qc6 22. Rd8+ Re8 23. Nc7 1-0

[Event "Oberliga Ost B"]
[Site "?"]
[Date "2022.11.26"]
[Round "4.4"]
[White "Bock, Marlon"]
[Black "Rolle, Eric"]
[Result "0-1"]
[WhiteElo "1960"]
[BlackElo "2109"]
[PlyCount "78"]
[EventDate "2022.09.18"]
[EventType "team-tourn"]
[EventCountry "GER"]
[WhiteTeam "Weimar SV Vimaria"]
[BlackTeam "Marburg SK"]
[WhiteTeamCountry "GER"]
[BlackTeamCountry "GER"]

1. d4 Nf6 2. Nf3 e6 3. e3 c5 4. Bd3 b6 5. O-O Bb7 6. Nbd2 cxd4 7. exd4 Be7 8. b3 O-O 9. Bb2 d6 10. Rc1 Nbd7 11. Re1 h6 12. a3 Re8 13. b4 a5 14. c4 axb4 15. axb4 Bf8 16. Qb3 Qc7 17. h3 Bc6 18. Qc3 e5 19. Ne4 Bxe4 20. Bxe4 Nxe4 21. Rxe4 Qb7 22. Rce1 d5 23. cxd5 f5 24. R4e2 e4 25. Qc6 Qxc6 26. dxc6 Nf6 27. Ne5 Bxb4 28. Rc1 Nd5 29. g3 Rac8 30. Rec2 Bd6 31. Kg2 Re6 32. Rc4 b5 33. Rc5 Bxc5 34. Rxc5 Nc7 35. Bc3 Rd6 36. g4 fxg4 37. hxg4 Rd5 38. Rxd5 Nxd5 39. Ba5 b4 0-1

[Event "Oberliga Ost B"]
[Site "?"]
[Date "2022.11.26"]
[Round "4.5"]
[White "Duncker, Joachim"]
[Black "Riedel, Finn"]
[Result "0-1"]
[WhiteElo "2206"]
[BlackElo "2134"]
[PlyCount "76"]
[EventDate "2022.09.18"]
[EventType "team-tourn"]
[EventCountry "GER"]
[WhiteTeam "Marburg SK"]
[BlackTeam "Weimar SV Vimaria"]
[WhiteTeamCountry "GER"]
[BlackTeamCountry "GER"]

1. e4 c5 2. Nc3 Nc6 3. f4 g6 4. Nf3 Bg7 5. Bc4 e6 6. O-O Nge7 7. Qe1 O-O 8. d3 d5 9. Bb3 Nd4 10. Nxd4 cxd4 11. Ne2 dxe4 12. dxe4 a5 13. Bc4 Qb6 14. Bd3 Bd7 15. Qh4 Qc5 16. a4 Rfe8 17. b3 Qb6 18. Bb2 Rac8 19. Qf2 Nc6 20. f5 exf5 21. exf5 Bxf5 22. Bxf5 gxf5 23. Kh1 Rcd8 24. Ng3 Ne7 25. Rae1 Qg6 26. Ba3 f4 27. Rxe7 fxg3 28. Qxf7+ Qxf7 29. Rfxf7 Rxe7 30. Rxe7 Bf8 31. Re5 Bxa3 32. Rxa5 Rc8 33. hxg3 Rxc2 34. Rd5 Rc1+ 35. Kh2 Rd1 36. Rd8+ Kf7 37. Rd7+ Ke6 38. Rxb7 d3 0-1

[Event "Oberliga Ost B"]
[Site "?"]
[Date "2022.11.26"]
[Round "4.6"]
[White "Albrecht, Juergen"]
[Black "Neidhardt, Helge"]
[Result "1/2-1/2"]
[WhiteElo "2130"]
[BlackElo "1988"]
[PlyCount "58"]
[EventDate "2022.09.18"]
[EventType "team-tourn"]
[EventCountry "GER"]
[WhiteTeam "Weimar SV Vimaria"]
[BlackTeam "Marburg SK"]
[WhiteTeamCountry "GER"]
[BlackTeamCountry "GER"]

1. e4 e5 2. Nf3 Nc6 3. Bb5 Nf6 4. O-O Nxe4 5. Re1 Nd6 6. Nxe5 Be7 7. Bf1 Nxe5 8. Rxe5 O-O 9. d4 Bf6 10. Re1 Re8 11. Rxe8+ Nxe8 12. c3 d5 13. Bf4 c6 14. Bd3 g6 15. Nd2 Ng7 16. a4 Bf5 17. Bxf5 Nxf5 18. Qb3 b6 19. Nf3 Qd7 20. Be5 Bxe5 21. Nxe5 Qe6 22. h3 f6 23. Nf3 Qd6 24. Qc2 Re8 25. Re1 Qd7 26. Rxe8+ Qxe8 27. Kf1 Kg7 28. Qe2 Qd7 29. Nd2 Kf7 1/2-1/2

[Event "Oberliga Ost B"]
[Site "?"]
[Date "2022.11.26"]
[Round "4.7"]
[White "Nekhamkis, Genadi"]
[Black "Gulich, Christian"]
[Result "1-0"]
[WhiteElo "2084"]
[BlackElo "2021"]
[PlyCount "79"]
[EventDate "2022.09.18"]
[EventType "team-tourn"]
[EventCountry "GER"]
[WhiteTeam "Marburg SK"]
[BlackTeam "Weimar SV Vimaria"]
[WhiteTeamCountry "GER"]
[BlackTeamCountry "GER"]

1. e4 c5 2. d4 cxd4 3. c3 dxc3 4. Nxc3 Nc6 5. Bc4 Nf6 6. Nf3 e6 7. Qe2 Qc7 8. e5 Ng4 9. Bf4 f6 10. Nb5 Qa5+ 11. Bd2 Bb4 12. exf6 Nxf6 13. Nd6+ Ke7 14. O-O-O b5 15. Bb3 Ba6 16. Rhe1 Rhc8 17. Kb1 Nd8 18. Nxc8+ Rxc8 19. Rc1 Rxc1+ 20. Rxc1 Bb7 21. Bg5 Nf7 22. Bxf6+ gxf6 23. Nd4 Qb6 24. Nf5+ Kf8 25. Ne3 Bc5 26. Bc2 h6 27. g3 Bxe3 28. fxe3 Nd6 29. Rd1 Ke7 30. e4 Nc4 31. Qg4 Ne5 32. Qg7+ Nf7 33. e5 f5 34. g4 Bf3 35. gxf5 exf5 36. Rc1 Qe6 37. Bb3 Be4+ 38. Ka1 Bd5 39. Bxd5 Qxd5 40. Qf6+ 1-0

[Event "Oberliga Ost B"]
[Site "?"]
[Date "2022.11.26"]
[Round "4.8"]
[White "Homberger, Jan"]
[Black "Hein, Lennart"]
[Result "1/2-1/2"]
[WhiteElo "1866"]
[BlackElo "1918"]
[PlyCount "44"]
[EventDate "2022.09.18"]
[EventType "team-tourn"]
[EventCountry "GER"]
[WhiteTeam "Weimar SV Vimaria"]
[BlackTeam "Marburg SK"]
[WhiteTeamCountry "GER"]
[BlackTeamCountry "GER"]

1. e4 c6 2. d4 d5 3. e5 c5 4. Nf3 Nc6 5. dxc5 e6 6. Be3 Qc7 7. Bb5 Bd7 8. Bxc6 Bxc6 9. a4 Ne7 10. c3 Nf5 11. Bd4 a5 12. Na3 Be7 13. Qb3 O-O 14. g4 Nh4 15. Nxh4 Bxh4 16. O-O-O Be7 17. f4 f5 18. g5 Bd7 19. Nb5 Bxb5 20. Qxb5 Rfc8 21. Qb6 Qc6 22. Qxc6 Rxc6 1/2-1/2

[Event "Oberliga Ost B"]
[Site "?"]
[Date "2022.11.26"]
[Round "4.1"]
[White "Kunin, Vitaly"]
[Black "Khenkin, Igor"]
[Result "1/2-1/2"]
[WhiteElo "2521"]
[BlackElo "2505"]
[PlyCount "26"]
[EventDate "2022.09.18"]
[EventType "team-tourn"]
[EventCountry "GER"]
[WhiteTeam "Moerlenbach Birkenau Freibauer"]
[BlackTeam "Wiesbadener SV"]
[WhiteTeamCountry "GER"]
[BlackTeamCountry "GER"]

1. d4 Nf6 2. c4 e6 3. Nf3 b6 4. g3 Bb7 5. Bg2 Be7 6. O-O O-O 7. Nc3 Ne4 8. Qc2 Nxc3 9. Qxc3 d6 10. Bf4 Nd7 11. Rad1 Nf6 12. Ne1 Bxg2 13. Nxg2 Qc8 1/2-1/2

[Event "Oberliga Ost B"]
[Site "?"]
[Date "2022.11.26"]
[Round "4.2"]
[White "Geske, Julian"]
[Black "Galdunts, Sergey"]
[Result "1/2-1/2"]
[WhiteElo "2394"]
[BlackElo "2414"]
[PlyCount "39"]
[EventDate "2022.09.18"]
[EventType "team-tourn"]
[EventCountry "GER"]
[WhiteTeam "Wiesbadener SV"]
[BlackTeam "Moerlenbach Birkenau Freibauer"]
[WhiteTeamCountry "GER"]
[BlackTeamCountry "GER"]

1. e4 e5 2. Nf3 Nc6 3. Bb5 a6 4. Ba4 Nf6 5. O-O Be7 6. d3 d6 7. c3 b5 8. Bc2 O-O 9. Nbd2 Re8 10. Re1 Bf8 11. Nf1 d5 12. Bg5 Be6 13. d4 dxe4 14. Bxe4 Bd5 15. Bxd5 Qxd5 16. dxe5 Qxd1 17. Raxd1 Ng4 18. Rd5 Ncxe5 19. Nxe5 c6 20. Rdd1 1/2-1/2

[Event "Oberliga Ost B"]
[Site "?"]
[Date "2022.11.26"]
[Round "4.3"]
[White "Legde, Georg"]
[Black "Bakiev, Diyor"]
[Result "1-0"]
[WhiteElo "2353"]
[BlackElo "2185"]
[PlyCount "69"]
[EventDate "2022.09.18"]
[EventType "team-tourn"]
[EventCountry "GER"]
[WhiteTeam "Moerlenbach Birkenau Freibauer"]
[BlackTeam "Wiesbadener SV"]
[WhiteTeamCountry "GER"]
[BlackTeamCountry "GER"]

1. d4 Nf6 2. c4 e6 3. Nf3 b6 4. g3 Bb4+ 5. Bd2 Be7 6. Bg2 c6 7. O-O d5 8. Qc2 O-O 9. Bf4 Ba6 10. b3 Nbd7 11. Rd1 Nh5 12. Bd2 Nhf6 13. a4 Rc8 14. a5 c5 15. axb6 Qxb6 16. Qa2 Bb7 17. Ba5 Qa6 18. Nbd2 dxc4 19. Nxc4 cxd4 20. Qb2 Bc5 21. Bb6 Qb5 22. Nxd4 Bxd4 23. Bxd4 Bxg2 24. Nd6 Qh5 25. Nxc8 Qh3 26. Ne7+ Kh8 27. f3 Re8 28. Bxf6 Nxf6 29. Ra4 Rxe7 30. Rh4 Qf5 31. Rd8+ Re8 32. Rxe8+ Nxe8 33. Kxg2 Nf6 34. Ra4 a5 35. b4 1-0

[Event "Oberliga Ost B"]
[Site "?"]
[Date "2022.11.26"]
[Round "4.4"]
[White "Minor, Samuel"]
[Black "Dittmar, Peter"]
[Result "1-0"]
[WhiteElo "2210"]
[BlackElo "2192"]
[PlyCount "107"]
[EventDate "2022.09.18"]
[EventType "team-tourn"]
[EventCountry "GER"]
[WhiteTeam "Wiesbadener SV"]
[BlackTeam "Moerlenbach Birkenau Freibauer"]
[WhiteTeamCountry "GER"]
[BlackTeamCountry "GER"]

1. e4 c5 2. Nf3 a6 3. g3 b5 4. Bg2 Bb7 5. d3 e6 6. O-O d6 7. Re1 Nd7 8. c3 Ngf6 9. Nbd2 Rc8 10. a4 Be7 11. axb5 axb5 12. d4 cxd4 13. Nxd4 Qb6 14. N2b3 O-O 15. Ra5 e5 16. Rxb5 Qa6 17. Ra5 Qb6 18. Nf5 Rfe8 19. Be3 Nc5 20. Nxe7+ Rxe7 21. Ra3 Ree8 22. Nxc5 dxc5 23. Qc2 Qc6 24. f3 Rb8 25. b3 Bc8 26. Ra5 Qb7 27. Rb1 Be6 28. b4 cxb4 29. cxb4 Nd7 30. Ra7 Qc8 31. Rc7 Qd8 32. b5 Qe7 33. b6 Qa3 34. Bf2 h5 35. h4 Red8 36. b7 Nf8 37. Qb2 Qd3 38. Ba7 Kh7 39. Rbc1 Qa6 40. Bxb8 Rxb8 41. Qxe5 Rxb7 42. Rxb7 Qxb7 43. Qxh5+ Kg8 44. Qc5 Qb2 45. Qc2 Qf6 46. f4 Bg4 47. Qc3 Qb6+ 48. Kh2 Ng6 49. Rc2 Qd8 50. Bh3 Bxh3 51. Kxh3 Qd1 52. Kh2 Kh7 53. Qd2 Qb1 54. Qe2 1-0

[Event "Oberliga Ost B"]
[Site "?"]
[Date "2022.11.26"]
[Round "4.5"]
[White "Boehmer, Christian"]
[Black "Tuzi, Bruna"]
[Result "1/2-1/2"]
[WhiteElo "2150"]
[BlackElo "2053"]
[PlyCount "84"]
[EventDate "2022.09.18"]
[EventType "team-tourn"]
[EventCountry "GER"]
[WhiteTeam "Moerlenbach Birkenau Freibauer"]
[BlackTeam "Wiesbadener SV"]
[WhiteTeamCountry "GER"]
[BlackTeamCountry "GER"]

1. c4 c6 2. Nf3 Nf6 3. e3 d5 4. Qc2 Bg4 5. Ne5 Bh5 6. cxd5 Qxd5 7. d4 e6 8. Bd2 Nbd7 9. Nc3 Qd6 10. Nxd7 Qxd7 11. Bd3 Be7 12. O-O Bg6 13. Ne2 Bxd3 14. Qxd3 e5 15. Qc2 exd4 16. Nxd4 O-O 17. Rfd1 g6 18. Rac1 Qd5 19. Nb3 Qe4 20. Qxe4 Nxe4 21. Be1 Rfd8 22. Na5 Rab8 23. f3 Nc5 24. Bb4 Rxd1+ 25. Rxd1 Bd8 26. Nxc6 bxc6 27. Bxc5 Bb6 28. Bxb6 axb6 29. Rd6 c5 30. Kf2 Kf8 31. Rd7 Ke8 32. Rc7 Ra8 33. Rb7 Rxa2 34. Rxb6 c4 35. Kg3 Ra1 36. Rc6 Rb1 37. Rxc4 Rxb2 38. Rc7 h5 39. f4 Re2 40. Kf3 Ra2 41. h3 Ra1 42. f5 Rf1+ 1/2-1/2

[Event "Oberliga Ost B"]
[Site "?"]
[Date "2022.11.26"]
[Round "4.6"]
[White "Wichmann, Daniel"]
[Black "Schneider, Heiko"]
[Result "1/2-1/2"]
[WhiteElo "2165"]
[BlackElo "2116"]
[PlyCount "108"]
[EventDate "2022.09.18"]
[EventType "team-tourn"]
[EventCountry "GER"]
[WhiteTeam "Wiesbadener SV"]
[BlackTeam "Moerlenbach Birkenau Freibauer"]
[WhiteTeamCountry "GER"]
[BlackTeamCountry "GER"]

1. e4 c6 2. Nc3 d5 3. Qf3 dxe4 4. Nxe4 Nd7 5. d4 Ndf6 6. Bd3 Nxe4 7. Qxe4 Nf6 8. Qe5 g6 9. c3 Bg7 10. Nf3 O-O 11. O-O b6 12. Qe2 Bb7 13. Ba6 Bxa6 14. Qxa6 Re8 15. Re1 Qc8 16. Qc4 Nd5 17. Ne5 Bxe5 18. Rxe5 e6 19. Qe2 Nf6 20. Bh6 Nd7 21. Qf3 Qd8 22. Ree1 Rc8 23. Rad1 Qh4 24. Bf4 Qf6 25. Qg3 Qf5 26. Re2 c5 27. dxc5 Nxc5 28. Qg5 Qxg5 29. Bxg5 Kg7 30. f3 e5 31. Be3 Ne6 32. Rd7 Rc7 33. Red2 Re7 34. Rxe7 Rxe7 35. c4 f5 36. Rd5 Kf6 37. b3 f4 38. Bf2 Nc7 39. Rd6+ Kf5 40. Kf1 Ne8 41. Rd8 Nf6 42. h3 g5 43. c5 bxc5 44. Bxc5 Rc7 45. b4 Nd7 46. Bf2 e4 47. fxe4+ Kxe4 48. a4 Kd5 49. Rg8 h6 50. Rg6 Rc1+ 51. Ke2 Rc2+ 52. Kf1 Rc1+ 53. Ke2 Rc2+ 54. Kf1 Rc1+ 1/2-1/2

[Event "Oberliga Ost B"]
[Site "?"]
[Date "2022.11.26"]
[Round "4.7"]
[White "Schaefer, Michael"]
[Black "Ungurean, Florin Ioan"]
[Result "0-1"]
[WhiteElo "2081"]
[BlackElo "2021"]
[PlyCount "38"]
[EventDate "2022.09.18"]
[EventType "team-tourn"]
[EventCountry "GER"]
[WhiteTeam "Moerlenbach Birkenau Freibauer"]
[BlackTeam "Wiesbadener SV"]
[WhiteTeamCountry "GER"]
[BlackTeamCountry "GER"]

1. d4 d5 2. Nf3 Nf6 3. e3 e6 4. Bd3 Bd6 5. O-O Nbd7 6. Nbd2 O-O 7. c3 e5 8. e4 Re8 9. dxe5 Nxe5 10. Nxe5 Rxe5 11. f4 Bc5+ 12. Kh1 Rh5 13. Be2 Rh6 14. e5 Ne4 15. Qe1 Bf2 16. Rxf2 Ng3+ 17. Kg1 Rxh2 18. Rf1 Qh4 19. Nf3 Nxe2+ 0-1

[Event "Oberliga Ost B"]
[Site "?"]
[Date "2022.11.26"]
[Round "4.8"]
[White "Buchholz, Maja"]
[Black "Klings, Peter"]
[Result "0-1"]
[WhiteElo "1695"]
[BlackElo "2081"]
[PlyCount "206"]
[EventDate "2022.09.18"]
[EventType "team-tourn"]
[EventCountry "GER"]
[WhiteTeam "Wiesbadener SV"]
[BlackTeam "Moerlenbach Birkenau Freibauer"]
[WhiteTeamCountry "GER"]
[BlackTeamCountry "GER"]

1. c4 e5 2. g3 c6 3. Nf3 e4 4. Nd4 d5 5. cxd5 Qxd5 6. Nc2 Nf6 7. Nc3 Qe5 8. Bg2 Na6 9. O-O Be6 10. Rb1 h5 11. d4 exd3 12. Qxd3 Nc5 13. Qf3 Bg4 14. Qe3 Qxe3 15. Nxe3 a5 16. Nxg4 hxg4 17. Bf4 Be7 18. Rfd1 Ne6 19. Be3 Bc5 20. Rd3 Rd8 21. Rbd1 Bxe3 22. Rxe3 Rxd1+ 23. Nxd1 Rh5 24. Rb3 Rc5 25. Kf1 b5 26. Rd3 Ke7 27. Ke1 Nd7 28. Ne3 Ne5 29. Rd1 g6 30. Kd2 Nd4 31. h3 gxh3 32. Bxh3 Nc4+ 33. Nxc4 Rxc4 34. Kd3 Ne6 35. e3 Nc5+ 36. Ke2 Ne6 37. Rd2 f5 38. f3 Rc1 39. Kf2 Ng5 40. Bg2 Ne6 41. g4 f4 42. exf4 Nxf4 43. Bf1 g5 44. Be2 Rh1 45. Bd1 Rh2+ 46. Ke1 Rxd2 47. Kxd2 Kd6 48. Ke3 Ke5 49. Bc2 Nd5+ 50. Ke2 c5 51. Be4 Nf4+ 52. Ke3 c4 53. a3 Ne6 54. Bh7 Nc5 55. Bc2 b4 56. axb4 axb4 57. Bd1 Nd7 58. Be2 Nb6 59. Bd1 Nd5+ 60. Kd2 Kd4 61. Ba4 Nf4 62. Bc6 Nd3 63. Kc2 b3+ 64. Kb1 Nf4 65. Be4 Ne2 66. Bc6 Ke3 67. Bd5 Kd3 68. Be6 Nd4 69. Bd5 Ne2 70. Be6 Kd4 71. Bf5 Nf4 72. Kc1 Nd5 73. Be4 Nb6 74. Bf5 Ke5 75. Kd2 Na4 76. Kc1 Kd4 77. Be4 Nc5 78. Bc6 Nd3+ 79. Kb1 c3 80. bxc3+ Kxc3 81. Be4 Ne5 82. Bd5 Ng6 83. Be4 Nf4 84. Bf5 Ng2 85. Be4 Ne3 86. Bf5 Nf1 87. Bg6 Nd2+ 88. Ka1 Nxf3 89. Kb1 Nd2+ 90. Ka1 b2+ 91. Ka2 b1=Q+ 92. Bxb1 Nxb1 93. Kxb1 Kd3 94. Kc1 Ke3 95. Kd1 Kf3 96. Ke1 Kxg4 97. Kf2 Kh3 98. Kg1 Kg3 99. Kh1 Kf2 100. Kh2 g4 101. Kh1 Kg3 102. Kg1 Kh3 103. Kh1 g3 0-1

[Event "Oberliga Ost B"]
[Site "?"]
[Date "2022.11.27"]
[Round "5.1"]
[White "Sivuk, Vitaly"]
[Black "Konopka, Michal"]
[Result "1-0"]
[WhiteElo "2568"]
[BlackElo "2358"]
[PlyCount "67"]
[EventDate "2022.09.18"]
[EventType "team-tourn"]
[EventCountry "GER"]
[WhiteTeam "Emstal Bad Wolfhagen SF"]
[BlackTeam "Schoeneck SF"]
[WhiteTeamCountry "GER"]
[BlackTeamCountry "GER"]

1. d4 d5 2. c4 c6 3. Nf3 Nf6 4. e3 g6 5. Nc3 Bg7 6. Be2 O-O 7. O-O Bg4 8. cxd5 cxd5 9. Qb3 b6 10. h3 Bc8 11. Ne5 Bb7 12. Bd2 Nc6 13. f4 e6 14. Rac1 Ne8 15. Nb5 Nxe5 16. dxe5 f6 17. Nd4 Nc7 18. Bb4 Rf7 19. Bd6 Bc8 20. Qc2 Ne8 21. Nc6 Qd7 22. Nb8 Rxb8 23. Bxb8 Bb7 24. exf6 Nxf6 25. Be5 Ne4 26. Bxg7 Kxg7 27. Bd3 Nd6 28. Qc3+ Kg8 29. Qe5 Re7 30. Rf2 Nf7 31. Qb8+ Kg7 32. Rfc2 Qd6 33. Qxd6 Nxd6 34. Rc7 1-0

[Event "Oberliga Ost B"]
[Site "?"]
[Date "2022.11.27"]
[Round "5.2"]
[White "Heinatz, Thomas"]
[Black "Peng, Li Min"]
[Result "0-1"]
[WhiteElo "2270"]
[BlackElo "2514"]
[PlyCount "102"]
[EventDate "2022.09.18"]
[EventType "team-tourn"]
[EventCountry "GER"]
[WhiteTeam "Schoeneck SF"]
[BlackTeam "Emstal Bad Wolfhagen SF"]
[WhiteTeamCountry "GER"]
[BlackTeamCountry "GER"]

1. e4 c5 2. Nc3 d6 3. Bb5+ Bd7 4. a4 Nf6 5. d3 Nc6 6. f4 g6 7. Nf3 Bg7 8. O-O O-O 9. Bxc6 Bxc6 10. Qe1 Nd7 11. f5 e6 12. Bg5 Qb6 13. a5 Qxb2 14. f6 Nxf6 15. Ra2 Qb4 16. Bd2 Rae8 17. Qe2 Nd7 18. Rb1 Bd4+ 19. Kh1 Bxc3 20. Rxb4 cxb4 21. Bxc3 bxc3 22. Nd4 Rc8 23. h3 e5 24. Nxc6 Rxc6 25. Ra3 Rfc8 26. Qe3 Rc5 27. d4 exd4 28. Qxd4 Ne5 29. Rb3 Nc6 30. Qxd6 Nxa5 31. Rb4 Nc4 32. Qf6 R5c6 33. Qxc3 b5 34. Rb1 a5 35. Qd4 Rb6 36. Qd7 Rcb8 37. Qc7 a4 38. e5 a3 39. e6 fxe6 40. Rd1 R6b7 41. Qc6 Re7 42. Qa6 e5 43. Rd5 Rb6 44. Qa8+ Kg7 45. Rd8 Rf7 46. Rg8+ Kh6 47. Kh2 Rbf6 48. Kg3 Ne3 49. Qxa3 Nf1+ 50. Kh4 Rf4+ 51. g4 R7f5 0-1